000 00547nam a22001817a 4500
005 20251108165012.0
008 250721s1986 xx 000 0 ara d
082 1 4 _a658.5/حسن
100 1 _aحسن، عادل
245 1 0 _aالتنظيم الصناعي و إدارة الإنتاج /
264 1 _aالإسكندرية :
_bمؤسسة شباب الجامعة،
_c1986.
300 _a320ص
650 1 7 _aالإدارة
650 1 7 _aتقنيات الإدارة
650 1 7 _aإدارة الإنتاج
942 _2ddc
_cBK
999 _c19581
_d19581